| 000 -LEADER |
| fixed length control field |
01330nam a2200277Ia 4500 |
| 001 - CONTROL NUMBER |
| control field |
18078 |
| 003 - CONTROL NUMBER IDENTIFIER |
| control field |
GE_BSU |
| 008 - FIXED-LENGTH DATA ELEMENTS--GENERAL INFORMATION |
| fixed length control field |
181216s||||||||xx |||||||||||||| ||und|| |
| 020 ## - INTERNATIONAL STANDARD BOOK NUMBER |
| International Standard Book Number |
9789941462238. issn 1987-5894. |
| 040 ## - CATALOGING SOURCE |
| Transcribing agency |
GE_BSU |
| 080 ## - UNIVERSAL DECIMAL CLASSIFICATION NUMBER |
| Universal Decimal Classification number |
349.6(479.22) |
| 100 ## - MAIN ENTRY--PERSONAL NAME |
| Personal name |
სამნიძე,დავით |
| 245 ## - TITLE STATEMENT |
| Title |
საქართველოს დაცული ტერიტორიების სამართლებრივი მდგომარეობა |
| 245 ## - TITLE STATEMENT |
| Statement of responsibility, etc. |
რედ. ნ.ფუტკარაძე |
| 250 ## - EDITION STATEMENT |
| Edition statement |
ბათუმის შოთა რუსთაველის სახ-ფო უნ-ტი. იურიდიული ფაკ-ტი. სამართლის დეპ-ტი. |
| 260 ## - PUBLICATION, DISTRIBUTION, ETC. |
| Place of publication, distribution, etc. |
ბათუმი |
| 260 ## - PUBLICATION, DISTRIBUTION, ETC. |
| Name of publisher, distributor, etc. |
ბათუმის შოთა რუსთაველის სახ. უნ-ტი |
| 260 ## - PUBLICATION, DISTRIBUTION, ETC. |
| Date of publication, distribution, etc. |
2015 |
| 300 ## - PHYSICAL DESCRIPTION |
| Extent |
70გვ.20სმ. |
| 300 ## - PHYSICAL DESCRIPTION |
| Accompanying material |
ბიბლ.გვ.69-70 |
| 653 ## - INDEX TERM--UNCONTROLLED |
| Uncontrolled term |
ეკოლოგიური სამართალი |
| 653 ## - INDEX TERM--UNCONTROLLED |
| Uncontrolled term |
სამართალი |
| 653 ## - INDEX TERM--UNCONTROLLED |
| Uncontrolled term |
საქართველოს დაცული ტერიტორიების სამართლებრივი მდგომარეობა |
| 942 ## - ADDED ENTRY ELEMENTS (KOHA) |
| Koha item type |
წიგნი |